| 000 | 00780nam a22002057a 4500 | ||
|---|---|---|---|
| 999 |
_c2172 _d2172 |
||
| 003 | AR-CdUCM | ||
| 008 | 190304b ||||| |||| 00| 0 spa d | ||
| 040 |
_aMUNICIPALIDAD PROVINCIAL DEL CUSCO _cBIBLIOTECA MUNICIPAL DEL CUSCO |
||
| 082 |
_a985.061 / _bQ73 |
||
| 100 |
_aQuiroz Paz Soldán, Eusebio _97839 |
||
| 245 |
_aCien años después 1879-1979 : _breflexiones sobre la Guerra del Pacífico / |
||
| 260 |
_aPerú : _bChavez editores, _c1984. |
||
| 300 |
_a132 páginas ; _c20.5 cm |
||
| 505 | _aContenido: Las elecciones que recogemos de la guerra del pacífico -- Las oportunidades perdidas -- En busca de significados ... | ||
| 650 |
_aGuerra del Pacífico _92237 |
||
| 650 |
_aHistoria del Perú _9259 |
||
| 650 |
_aSiglo XIX _9971 |
||
| 942 |
_2ddc _cLIBROS |
||
| 945 | _aafb | ||